Indigenous and reformed : (Registro nro. 70422)
[ vista simple ]
| 000 -LÍDER | |
|---|---|
| Campo fijo de descripción fija | 01869nab a2200241 i 4500 |
| 001 - NÚMERO DE CONTROL | |
| Campo de control | 768714001 |
| 003 - IDENTIFICADOR DEL NÚMERO DE CONTROL | |
| Campo de control | CO-MdFUSB |
| 005 - FECHA Y HORA DE LA ULTIMA TRANSACCIÓN | |
| control field | 20260306154448.0 |
| 008 - ELEMENTOS DE LONGITUD FIJA -- INFORMACIÓN GENERAL | |
| Campo fijo de descripción fija -- Información general | 240628t1985 sz ||||| |||| 00| 0 eng d |
| 040 ## - FUENTE DE CATALOGACIÓN | |
| Idioma de catalogación | spa |
| Agencia que realiza la transcripción | CO-MdFUSB |
| Agencia que realiza la modificación | CO-MdFUSB |
| 041 ## - CÓDIGO DE IDIOMA | |
| Código de idioma para texto/pista de sonido o título separado | eng |
| 100 ## - ASIENTO PRINCIPAL--NOMBRE PERSONAL | |
| Nombre personal | Haire, James, |
| Fechas asociadas con el nombre | 1946- |
| Término relacionador | autor |
| 245 ## - TÍTULO | |
| Título | Indigenous and reformed : |
| Subtitulo | the meeting between christianity and pre-literary religions and islam on an eastern Indonesian Island |
| Mención de responsabilidad | / James Haire |
| 520 ## - NOTA DE RESUMEN, ETC. | |
| Nota de sumario, etc. | Como contribución al debate actual sobre el evangelio y sus expresiones culturales, especialmente en las iglesias reformadas, este artículo pretende rastrear la expresión del cristianismo en la isla de Halmahera en el este de Indonesia, y especialmente en las pequeñas islas circundantes. Desde 1942 hasta ahora, cuando nació y se desarrolló la Iglesia Reformada nativa en la zona. Un análisis de la expresión del cristianismo en esa zona es muy importante para la tradición reformada por varias razones. En primer lugar, sólo una sociedad misionera en su conjunto, la "Utrechtsche Zendings-Vereeninging", participó directamente en este campo; no había muchas tradiciones cristianas compitiendo por el mismo pueblo. En segundo lugar, no hubo grandes migraciones de población. En tercer lugar, la tendencia religiosa más importante de estos años fue la transición de creencias prebíblicas a creencias evangélicas. |
| 546 ## - NOTA DE IDIOMA | |
| Nota de idioma | Texto en inglés. |
| 650 #0 - ASIENTO SECUNDARIO DE MATERIA - TERMINO TEMÁTICO | |
| Término temático o nombre geográfico como elemento de entrada | Reforma de la iglesia |
| 9 (RLIN) | 958 |
| 650 #7 - ASIENTO SECUNDARIO DE MATERIA - TERMINO TEMÁTICO | |
| Término temático o nombre geográfico como elemento de entrada | Iglesias protestantes |
| 9 (RLIN) | 222 |
| 650 #0 - ASIENTO SECUNDARIO DE MATERIA - TERMINO TEMÁTICO | |
| Término temático o nombre geográfico como elemento de entrada | Cristianismo y otras religiones |
| Subdivisión general | Islamismo. |
| 9 (RLIN) | 5345 |
| 650 #7 - ASIENTO SECUNDARIO DE MATERIA - TERMINO TEMÁTICO | |
| Término temático o nombre geográfico como elemento de entrada | Antropología cultural y social |
| 9 (RLIN) | 6714 |
| 773 0# - ASIENTO DE ITEM FUENTE | |
| Biblionumber | 49396 |
| Itemnumber | 59551 |
| Lugar, editorial y fecha de publicación | Ginebra |
| Otro identificador del ítem | R1126 |
| Título | Reformed World |
| Número de control del registro | (CO-MdFUSB)38 |
| Número Internacional Normalizado para Publicaciones Seriadas (ISSN) | 0034-3056 |
| Parte(s) relacionada(s) / Volumen., número. (mes año), páginas | Volumen 38, (número 7, 1985) páginas: 374 - 384 |
| Enumeración y primera página | página: 374 |
| 942 ## - TIPO DE MATERIAL (KOHA) | |
| Tipo de Item KOHA | Artículos de Revista |
| 945 ## - INFORMACIÓN LOCAL DEL REGISTRO | |
| Catalogador | Catherine Arias Álvarez - Practicante SENA |
No hay ítems disponibles.
